[Event "8 Player Open 4"]
[Site "SchemingMind.com"]
[Date "2014.06.24"]
[Round "-"]
[White "William Lindberg"]
[Black "alexyongpohweng"]
[Result "1-0"]
[WhiteCountry "USA"]
[BlackCountry "MAS"]
[WhiteElo "1823"]
[WhiteRD "118"]
[BlackElo "1240"]
[BlackRD "45"]
[GameID "360384"]

1. e4 e5 2. Nf3 d6 3. Nc3 c6 4. d4 exd4 5. Qxd4 Nf6 6. Bf4 Be7 7. O-O-O O-O 8. Bxd6 Bxd6 9. Qxd6 Qxd6 10. Rxd6 Ne8
11. Rd2 Be6 12. Be2 Na6 13. Bxa6 bxa6 14. Nd4 Bg4 15. Nxc6 Nf6 16. f3 Bd7 17. Ne7+ Kh8 18. e5 Bc6 19. Nxc6 Ne8 20. Rhd1 Nc7
21. Rd7 Ne6 22. Rxa7 Rxa7 23. Nxa7 Nc5 24. b4 Ne6 25. Rd6 Ra8 26. Rxa6 Nc7 27. Rd6 Ne8 28. Rd7 Kg8 29. b5 g6 30. b6 Kg7
31. Nd5 Kf8 32. a4 Kg7 33. a5
1-0

[Event "8 Player Open 4"]
[Site "SchemingMind.com"]
[Date "2014.06.24"]
[Round "-"]
[White "emvarela"]
[Black "William Lindberg"]
[Result "0-1"]
[WhiteCountry "ARG"]
[BlackCountry "USA"]
[WhiteElo "1677"]
[WhiteRD "48"]
[BlackElo "1875"]
[BlackRD "95"]
[GameID "360385"]

1. e4 e5 2. Nf3 Nc6 3. d4 exd4 4. c3 d5 5. exd5 Qxd5 6. cxd4 Bb4+ 7. Bd2 Bg4 8. Nc3 Qe6+ 9. Ne2 Bxf3 10. gxf3 Nxd4
11. Bxb4 Nxf3#
0-1

[Event "8 Player Open 4"]
[Site "SchemingMind.com"]
[Date "2014.06.24"]
[Round "-"]
[White "William Lindberg"]
[Black "emvarela"]
[Result "1-0"]
[WhiteCountry "USA"]
[BlackCountry "ARG"]
[WhiteElo "1875"]
[WhiteRD "95"]
[BlackElo "1677"]
[BlackRD "48"]
[GameID "360386"]

1. e4 e5 2. Nf3 Nc6 3. Bb5 a6 4. Bxc6 dxc6 5. O-O Bg4 6. h3 h5 7. d3 Bxf3 8. Qxf3 Qf6 9. Qg3 Be7 10. d4 Bd6
11. Qb3 b5 12. f4 Qg6 13. fxe5 Be7 14. a4 Nh6 15. axb5 O-O 16. Rxa6 cxb5 17. Rxg6
1-0

[Event "8 Player Open 4"]
[Site "SchemingMind.com"]
[Date "2014.06.24"]
[Round "-"]
[White "Transcendent"]
[Black "William Lindberg"]
[Result "0-1"]
[WhiteCountry "ENG"]
[BlackCountry "USA"]
[WhiteElo "1614"]
[WhiteRD "67"]
[BlackElo "1969"]
[BlackRD "86"]
[GameID "360387"]

1. d4 d5 2. c4 e6 3. Nf3 Nf6 4. g3 Be7 5. Bg2 Nc6 6. O-O dxc4 7. Qa4 O-O 8. Qxc4 Qd5 9. Nbd2 Rd8 10. e3 Rb8
11. Rd1 b5 12. Qxd5 exd5 13. Nb3 Rb6 14. Bd2 Ne4 15. Rac1 f6 16. Ne1 Bg4 17. f3 Nxd2 18. Rxd2 Bf5 19. Nd3 a5 20. Nbc5 a4
21. Nf4 Na5 22. b3 Rc6 23. Bf1 axb3 24. Bxb5 Rb6 25. Bd3 Bxd3 26. Nfxd3 Nc4 27. Re2 b2 28. Rb1 Bxc5 29. dxc5 Ra6 30. Nb4 Ra4
0-1

[Event "8 Player Open 4"]
[Site "SchemingMind.com"]
[Date "2014.06.24"]
[Round "-"]
[White "William Lindberg"]
[Black "Transcendent"]
[Result "1-0"]
[WhiteCountry "USA"]
[BlackCountry "ENG"]
[WhiteElo "1875"]
[WhiteRD "95"]
[BlackElo "1627"]
[BlackRD "65"]
[GameID "360388"]

1. e4 e6 2. d4 d5 3. e5 c5 4. Bb5+ Bd7 5. Bxd7+ Qxd7 6. Nd2 Nc6 7. Ngf3 cxd4 8. O-O Nge7 9. Nb3 Ng6 10. Re1 Bb4
11. Bd2 Bxd2 12. Qxd2 O-O 13. Nbxd4 Rac8 14. Nxc6 Rxc6 15. Nd4 Rcc8 16. Re3 Rc4 17. c3 Rfc8 18. Rae1 Ne7 19. h4 a6 20. Rg3 Kh8
21. b3 R4c7 22. h5 Nc6 23. Qg5 Rg8 24. h6 f6 25. exf6 g6 26. Nxc6 bxc6 27. f7 Qxf7 28. Qe5+
1-0

[Event "8 Player Open 4"]
[Site "SchemingMind.com"]
[Date "2014.06.24"]
[Round "-"]
[White "kenneth m day"]
[Black "William Lindberg"]
[Result "0-1"]
[WhiteCountry "USA"]
[BlackCountry "USA"]
[WhiteElo "1754"]
[WhiteRD "50"]
[BlackElo "1875"]
[BlackRD "95"]
[GameID "360389"]

1. e4 e5 2. f4 exf4 3. Nf3 Be7 4. Bc4 Bh4+ 5. Kf1 Be7 6. d4 d6 7. Bxf4 Nf6 8. Nc3 O-O 9. h3 Nxe4 10. Nd5 Re8
11. Qd3 Bf5 12. Qb3 Nc6 13. Ne3 Bg6 14. Rd1 Na5 15. Qa4 Nxc4 16. Qxc4 Bh4 17. Nxh4 Qxh4 18. g3 Nxg3+ 19. Bxg3 Qxg3 20. Re1 Qf3+
21. Kg1 Rxe3 22. Rxe3 Qxe3+ 23. Kh2 Qf2#
0-1

[Event "8 Player Open 4"]
[Site "SchemingMind.com"]
[Date "2014.06.23"]
[Round "-"]
[White "William Lindberg"]
[Black "kenneth m day"]
[Result "1-0"]
[WhiteCountry "USA"]
[BlackCountry "USA"]
[WhiteElo "1969"]
[WhiteRD "86"]
[BlackElo "1708"]
[BlackRD "50"]
[GameID "360390"]

1. e4 e5 2. Nf3 Nc6 3. Bb5 d6 4. d4 exd4 5. Nxd4 Bd7 6. O-O Nf6 7. Nxc6 Bxc6 8. Bxc6+ bxc6 9. Qf3 Be7 10. e5 dxe5
11. Qxc6+ Nd7 12. Nc3 O-O 13. Rd1 Bd6 14. Ne4 Rb8 15. Nxd6 Rb6 16. Nxf7 Rxf7 17. Qc4 Rd6 18. Be3 Nb6 19. Qf1 Rfd7 20. Rxd6 Rxd6
21. Re1 Nd5 22. Bxa7 Re6 23. Qc4 Qd6 24. Rd1 c6 25. Bc5 Qc7 26. b4 e4 27. b5 Re5 28. b6 Qd7 29. a4 Qb7 30. a5 h6
31. a6
1-0

[Event "8 Player Open 4"]
[Site "SchemingMind.com"]
[Date "2014.06.23"]
[Round "-"]
[White "ray winteringham"]
[Black "William Lindberg"]
[Result "0-1"]
[WhiteCountry "ENG"]
[BlackCountry "USA"]
[WhiteElo "1489"]
[WhiteRD "52"]
[BlackElo "1823"]
[BlackRD "118"]
[GameID "360391"]

1. e4 e5 2. Nf3 Nc6 3. g3 Nf6 4. d3 d5 5. Bg2 dxe4 6. Nh4 Bg4 7. f3 Bh5 8. Be3 Nd5 9. Qe2 Nxe3 10. Qxe3 Qd4
11. Qg5 Bc5 12. Rf1 Qxb2 13. Qxh5 Qc1+ 14. Ke2 Nd4+ 15. Kf2 Nxf3+ 16. Ke2 Qxc2+
0-1

[Event "8 Player Open 4"]
[Site "SchemingMind.com"]
[Date "2014.06.23"]
[Round "-"]
[White "William Lindberg"]
[Black "ray winteringham"]
[Result "1-0"]
[WhiteCountry "USA"]
[BlackCountry "ENG"]
[WhiteElo "1823"]
[WhiteRD "118"]
[BlackElo "1489"]
[BlackRD "52"]
[GameID "360392"]

1. e4 e5 2. Nf3 Nc6 3. Bb5 Nge7 4. Nc3 g6 5. O-O Bg7 6. d3 O-O 7. Bc4 d6 8. Bb3 Kh8 9. h3 f6 10. a3 f5
11. Ng5 f4 12. Nf7+ Rxf7 13. Bxf7 a6 14. f3 Nd4 15. Ba2 c6 16. Ne2 Nb5 17. d4 Nxd4 18. Nxd4 exd4 19. Bxf4 d5 20. Qe1 dxe4
21. fxe4 d3 22. cxd3 Qxd3 23. Rd1
1-0

[Event "8 Player Open 4"]
[Site "SchemingMind.com"]
[Date "2014.06.25"]
[Round "-"]
[White "im_cincinnati_kid37"]
[Black "Derek Price"]
[Result "0-1"]
[WhiteCountry "USA"]
[BlackCountry "ENG"]
[WhiteElo "1319"]
[WhiteRD "63"]
[BlackElo "2334"]
[BlackRD "83"]
[GameID "360442"]

1. e4 c5 2. Nf3 d6 3. d4 cxd4 4. Nxd4 Nf6 5. Nc3 a6 6. Bg5 e6 7. f4 Be7 8. Qf3 h6 9. Bxf6 Bxf6 10. Rd1 Qc7
11. Bd3 Bxd4 12. Be2 Nc6 13. a3 O-O 14. Na4 b5 15. c3 Ba7 16. Nc5 Bxc5 17. Kd2 Bb7 18. Qg3 Ne7 19. Bd3 d5 20. exd5 Nxd5
21. Rhf1 Be3+ 22. Kc2 Bxf4 23. Qf2 Ne3+ 24. Kb1 Nxf1 25. Qxf1 Bxh2 26. Bc2 Rfd8 27. Rxd8+ Rxd8 28. Qe2 Qf4 29. a4 Rd2 30. Qe1 Rxc2
31. Kxc2 Qf5+ 32. Kb3 Bd5+ 33. Kb4 Qg4+ 34. Ka5 Bc7+ 35. Kxa6 Qxa4#
0-1

[Event "8 Player Open 4"]
[Site "SchemingMind.com"]
[Date "2014.06.24"]
[Round "-"]
[White "Derek Price"]
[Black "im_cincinnati_kid37"]
[Result "1-0"]
[WhiteCountry "ENG"]
[BlackCountry "USA"]
[WhiteElo "2334"]
[WhiteRD "83"]
[BlackElo "1319"]
[BlackRD "63"]
[GameID "360443"]

1. d4 d5 2. c4 e6 3. Nc3 c6 4. e3 Nf6 5. Nf3 Ne4 6. Bd3 Nxc3 7. bxc3 Nd7 8. O-O g6 9. cxd5 cxd5 10. c4 dxc4
11. Bxc4 Bg7 12. Ba3 a6 13. Rc1 b5 14. Bb3 Bf6 15. d5 e5 16. Nd2 Be7 17. Bxe7 Qxe7 18. d6 Qxd6 19. Qf3 O-O 20. Qxa8 Nc5
21. Ne4 Nxe4 22. Rxc8 Qe7 23. Rxf8+ Qxf8 24. Qxe4 Qd6 25. f4 Kg7 26. fxe5 Qb8 27. Rxf7+ Kh8 28. Qh4 Qg8 29. Qf6+ Qg7 30. Rf8#
1-0

[Event "8 Player Open 4"]
[Site "SchemingMind.com"]
[Date "2014.06.25"]
[Round "-"]
[White "Derek Price"]
[Black "alexyongpohweng"]
[Result "1-0"]
[WhiteCountry "ENG"]
[BlackCountry "MAS"]
[WhiteElo "2334"]
[WhiteRD "83"]
[BlackElo "1240"]
[BlackRD "45"]
[GameID "360445"]

1. d4 d5 2. c4 dxc4 3. Nf3 Nf6 4. e3 g6 5. Bxc4 Bg7 6. O-O O-O 7. Nc3 c6 8. h3 b5 9. Bd3 a5 10. Qc2 b4
11. Ne2 Bb7 12. e4 Ba6 13. Bxa6 Nxa6 14. Be3 Qc7 15. Rac1 Nb8 16. Ne5 Ra6 17. f3 Rc8 18. Rfd1 Qd6 19. Bf4 Nfd7 20. Nxf7 Kxf7
21. Bxd6
1-0

[Event "8 Player Open 4"]
[Site "SchemingMind.com"]
[Date "2014.06.26"]
[Round "-"]
[White "Derek Price"]
[Black "emvarela"]
[Result "1-0"]
[WhiteCountry "ENG"]
[BlackCountry "ARG"]
[WhiteElo "2358"]
[WhiteRD "80"]
[BlackElo "1677"]
[BlackRD "48"]
[GameID "360446"]

1. d4 Nf6 2. c4 e6 3. a3 d5 4. Nc3 Be7 5. Nf3 O-O 6. e3 dxc4 7. Bxc4 a6 8. O-O c5 9. Qe2 cxd4 10. exd4 b5
11. Bb3 Bb7 12. Rd1 Bd5 13. Nxd5 Nxd5 14. a4 b4 15. Ne5 Nd7 16. Bxd5 exd5 17. Nc6
1-0

[Event "8 Player Open 4"]
[Site "SchemingMind.com"]
[Date "2014.06.27"]
[Round "-"]
[White "emvarela"]
[Black "Derek Price"]
[Result "0-1"]
[WhiteCountry "ARG"]
[BlackCountry "ENG"]
[WhiteElo "1633"]
[WhiteRD "47"]
[BlackElo "2367"]
[BlackRD "79"]
[GameID "360447"]

1. e4 c5 2. Nf3 d6 3. d4 cxd4 4. Nxd4 Nf6 5. Nc3 a6 6. Be3 e6 7. Be2 Be7 8. Qd2 Qc7 9. O-O O-O 10. f4 b5
11. b4 d5 12. e5 Bxb4 13. exf6 Bxc3 14. Qd3 g6 15. Rad1 Nd7 16. f5 Ne5 17. Bf4 Nxd3 18. Bxc7 Bxd4+ 19. Kh1 Nf2+ 20. Rxf2 Bxf2
21. fxg6 hxg6 22. g3 Bb7 23. Kg2 Be3 24. Bf3 Rfc8
0-1

[Event "8 Player Open 4"]
[Site "SchemingMind.com"]
[Date "2014.06.25"]
[Round "-"]
[White "Derek Price"]
[Black "Transcendent"]
[Result "1-0"]
[WhiteCountry "ENG"]
[BlackCountry "ENG"]
[WhiteElo "2358"]
[WhiteRD "80"]
[BlackElo "1627"]
[BlackRD "65"]
[GameID "360448"]

1. d4 d5 2. c4 c6 3. Nf3 Nf6 4. e3 Bg4 5. h3 Bh5 6. Nc3 e6 7. Be2 dxc4 8. Bxc4 Bb4 9. O-O Nbd7 10. Bd2 O-O
11. a3 Bxc3 12. Bxc3 Ne4 13. Rc1 Ndf6 14. Bd3
1-0

[Event "8 Player Open 4"]
[Site "SchemingMind.com"]
[Date "2014.06.26"]
[Round "-"]
[White "Transcendent"]
[Black "Derek Price"]
[Result "0-1"]
[WhiteCountry "ENG"]
[BlackCountry "ENG"]
[WhiteElo "1627"]
[WhiteRD "65"]
[BlackElo "2358"]
[BlackRD "80"]
[GameID "360449"]

1. d4 d5 2. c4 c6 3. Nf3 Nf6 4. Qc2 g6 5. Bf4 Bg7 6. e3 O-O 7. Nbd2 Nbd7 8. Bd3 dxc4 9. Nxc4 Nd5 10. Bg3 Nb4
11. Qb3 Nc5 12. dxc5 Nxd3+ 13. Ke2 Nxc5
0-1

[Event "8 Player Open 4"]
[Site "SchemingMind.com"]
[Date "2014.06.24"]
[Round "-"]
[White "Derek Price"]
[Black "kenneth m day"]
[Result "1-0"]
[WhiteCountry "ENG"]
[BlackCountry "USA"]
[WhiteElo "2358"]
[WhiteRD "80"]
[BlackElo "1754"]
[BlackRD "50"]
[GameID "360450"]

1. d4 d5 2. c4 Nc6 3. Nf3 Bg4 4. e3 Nf6 5. Nc3 dxc4 6. Bxc4 e6 7. h3 Bh5 8. Bb5 Qd7 9. g4 Bg6 10. Ne5 Qd6
11. Qa4 O-O-O 12. Bxc6 bxc6 13. Qa6+
1-0

[Event "8 Player Open 4"]
[Site "SchemingMind.com"]
[Date "2014.06.25"]
[Round "-"]
[White "kenneth m day"]
[Black "Derek Price"]
[Result "0-1"]
[WhiteCountry "USA"]
[BlackCountry "ENG"]
[WhiteElo "1708"]
[WhiteRD "50"]
[BlackElo "2367"]
[BlackRD "79"]
[GameID "360451"]

1. e4 c5 2. d4 cxd4 3. c3 Nf6 4. e5 Nd5 5. cxd4 d6 6. Bc4 Nb6 7. Bb3 dxe5 8. Qf3 e6 9. Ne2 exd4 10. O-O Nc6
11. Rd1 Bc5 12. Nbc3 O-O 13. Ne4 Be7 14. Bf4 e5 15. Bg3 Kh8 16. Rac1 f5 17. Nd2 f4 18. Nxf4 exf4 19. Bxf4 Bd6 20. g3 Bxf4
21. gxf4 g5 22. Qd3 Rxf4 23. Bc2 Bf5 24. Qb3 d3 25. Qc3+ Qd4 26. Qxd4+ Nxd4 27. Bb1 Ne2+ 28. Kf1 Bh3+ 29. Ke1 Re8
0-1

[Event "8 Player Open 4"]
[Site "SchemingMind.com"]
[Date "2014.06.24"]
[Round "-"]
[White "Derek Price"]
[Black "ray winteringham"]
[Result "1-0"]
[WhiteCountry "ENG"]
[BlackCountry "ENG"]
[WhiteElo "2366"]
[WhiteRD "79"]
[BlackElo "1526"]
[BlackRD "50"]
[GameID "360452"]

1. d4 d5 2. c4 Nf6 3. cxd5 Nxd5 4. Nf3 e6 5. e4 Nf6 6. Nc3 Bb4 7. Bd3 O-O 8. O-O b6 9. e5 Nd5 10. Bxh7+ Kxh7
11. Ng5+ Kg6 12. Qg4
1-0

[Event "8 Player Open 4"]
[Site "SchemingMind.com"]
[Date "2014.06.24"]
[Round "-"]
[White "ray winteringham"]
[Black "Derek Price"]
[Result "0-1"]
[WhiteCountry "ENG"]
[BlackCountry "ENG"]
[WhiteElo "1489"]
[WhiteRD "52"]
[BlackElo "2334"]
[BlackRD "83"]
[GameID "360453"]

1. e4 c5 2. b4 cxb4 3. d4 Nf6 4. e5 Nd5 5. Bc4 Nb6 6. Bb3 d5 7. Nf3 Nc6 8. Be3 a5 9. c3 e6 10. cxb4 Bxb4+
11. Bd2 Nc4 12. O-O Nxd2 13. Nbxd2 O-O 14. Bc2 g6 15. Qc1 Bc3 16. Rb1 Nxd4 17. Bxg6 Ne2+
0-1

[Event "8 Player Open 4"]
[Site "SchemingMind.com"]
[Date "2014.06.25"]
[Round "-"]
[White "Derek Price"]
[Black "William Lindberg"]
[Result "1-0"]
[WhiteCountry "ENG"]
[BlackCountry "USA"]
[WhiteElo "2358"]
[WhiteRD "80"]
[BlackElo "1875"]
[BlackRD "95"]
[GameID "360454"]

1. d4 Nf6 2. c4 e6 3. Nf3 d5 4. Nc3 Be7 5. Bf4 O-O 6. e3 Nc6 7. Rc1 h6 8. a3 Nh5 9. Be5 a6 10. h3 Nf6
11. Be2 Nxe5 12. Nxe5 c5 13. O-O dxc4 14. dxc5 Qc7 15. Nxc4 Rd8 16. Qb3 Bd7 17. Nb6 Rab8 18. Nxd7 Rxd7 19. Na4 Rbd8 20. Bf3 Nd5
21. Rfd1 Bf6 22. Rc2 Qa5 23. Rcd2 g6 24. g3 Kg7 25. Rd3 Qb5 26. e4 Nb6 27. Qxb5 axb5 28. Rxd7 Nxd7 29. Nc3 Nxc5 30. Rxd8 Bxd8
31. b4 Na4 32. Nxb5 Bf6 33. e5 Bxe5 34. Bxb7 Kf6 35. Kf1 Bb2 36. Ke2 Nc3+ 37. Nxc3 Bxc3 38. Kd3 Bb2 39. a4 Be5 40. a5 Bc7
41. Kd4 Ke7 42. Kc5 Kd7 43. Bc6+ Kc8 44. Be8 f5 45. Bxg6 Kb7 46. Bf7 e5 47. Bg6 f4 48. Be4+ Kb8 49. Kc6 fxg3 50. fxg3 Bd8
51. Kb5 Ka7 52. Ka4 Bf6 53. b5 Bd8 54. h4 Bc7 55. g4 Bd8 56. b6+ Bxb6 57. axb6+ Kxb6 58. g5 hxg5 59. hxg5 Kc5 60. g6 Kd4
61. Bb1 e4 62. Bxe4 Kxe4 63. g7
1-0

[Event "8 Player Open 4"]
[Site "SchemingMind.com"]
[Date "2014.06.25"]
[Round "-"]
[White "William Lindberg"]
[Black "Derek Price"]
[Result "1/2-1/2"]
[WhiteCountry "USA"]
[BlackCountry "ENG"]
[WhiteElo "1823"]
[WhiteRD "118"]
[BlackElo "2334"]
[BlackRD "83"]
[GameID "360455"]

1. c4 e5 2. Nc3 Nf6 3. Nf3 Nc6 4. e3 Be7 5. d4 exd4 6. exd4 d5 7. Bd3 O-O 8. O-O Bg4 9. Be3 Re8 10. h3 Bh5
11. cxd5 Nxd5 12. Bxh7+ Kxh7 13. Ng5+ Kg8 14. Qxh5 Bxg5 15. Bxg5 f6 16. Bd2 Ndb4 17. Rad1 Qxd4 18. Bh6 Qe5 19. Qg6 Qe7 20. Bf4 Rad8
21. a3 Na6 22. b4 Ne5 23. Bxe5 Qxe5 24. Nd5 Kf8 25. Ne3 Qg5 26. Qh7 Kf7=
1/2-1/2